Statistiques concernant Tracez toutes les frontières départementales sur une carte

Cliquez ici pour prendre le quiz!

Statistiques générales

  • Ce quiz a été pris 42 470 fois
  • Le résultat moyen est 115 sur 238

Réponses sur la Carte

Les réponses sont colorées sur une échelle allant du rouge au vert en fonction du pourcentage des utilisateurs qui les ont devinées à leur premier essai. Vous pouvez retrouver ces pourcentages ci-dessous.
 

Statistiques - réponses

Frontières% Correct
Nord | Pas-de-Calais
72%
Finistère | Morbihan
69%
Bas-Rhin | Haut-Rhin
68%
Côtes-d'Armor | Finistère
67%
Savoie | Haute-Savoie
65%
Côtes-d'Armor | Morbihan
64%
Côtes-d'Armor | Ille-et-Vilaine
63%
Ille-et-Vilaine | Morbihan
63%
Calvados | Manche
62%
Corse-du-Sud | Haute-Corse
62%
Gironde | Landes
61%
Loire-Atlantique | Morbihan
61%
Paris | Seine-Saint-Denis
61%
Pas-de-Calais | Somme
61%
Loire-Atlantique | Vendée
60%
Alpes-Maritimes | Var
59%
Bouches-du-Rhône | Var
59%
Charente | Charente-Maritime
59%
Ille-et-Vilaine | Manche
58%
Landes | Pyrénées-Atlantiques
58%
Oise | Somme
58%
Alpes-de-Haute-Provence | Alpes-Maritimes
57%
Charente-Maritime | Gironde
57%
Ille-et-Vilaine | Loire-Atlantique
57%
Meurthe-et-Moselle | Moselle
57%
Moselle | Bas-Rhin
57%
Nord | Somme
57%
Seine-Maritime | Somme
57%
Aisne | Nord
56%
Charente-Maritime | Vendée
56%
Gard | Hérault
56%
Isère | Savoie
56%
Paris | Hauts-de-Seine
56%
Ain | Rhône
55%
Aisne | Somme
55%
Alpes-de-Haute-Provence | Hautes-Alpes
55%
Calvados | Eure
55%
Eure | Seine-Maritime
55%
Ille-et-Vilaine | Mayenne
55%
Isère | Rhône
55%
Loire | Rhône
55%
Oise | Val-d'Oise
55%
Bouches-du-Rhône | Vaucluse
54%
Eure | Eure-et-Loir
54%
Oise | Seine-Maritime
54%
Paris | Val-de-Marne
54%
Pyrénées-Atlantiques | Hautes-Pyrénées
54%
Ain | Haute-Savoie
53%
Aisne | Ardennes
53%
Aisne | Oise
53%
Alpes-de-Haute-Provence | Var
53%
Bouches-du-Rhône | Gard
53%
Calvados | Orne
53%
Cher | Loiret
53%
Doubs | Jura
53%
Hautes-Alpes | Savoie
53%
Haut-Rhin | Territoire de Belfort
53%
Haut-Rhin | Vosges
53%
Ain | Savoie
52%
Aude | Hérault
52%
Aude | Pyrénées-Orientales
52%
Bas-Rhin | Vosges
52%
Dordogne | Gironde
52%
Indre | Indre-et-Loire
52%
Loire-Atlantique | Maine-et-Loire
52%
Lot | Lot-et-Garonne
52%
Manche | Mayenne
52%
Manche | Orne
52%
Mayenne | Sarthe
52%
Meurthe-et-Moselle | Meuse
52%
Tarn | Tarn-et-Garonne
52%
Ain | Isère
51%
Ain | Jura
51%
Ardèche | Drôme
51%
Ardennes | Meuse
51%
Doubs | Territoire de Belfort
51%
Drôme | Isère
51%
Gard | Vaucluse
51%
Loire | Haute-Loire
51%
Marne | Haute-Marne
51%
Vienne | Haute-Vienne
51%
Yvelines | Essonne
51%
Alpes-de-Haute-Provence | Vaucluse
50%
Cantal | Puy-de-Dôme
50%
Deux-Sèvres | Vendée
50%
Eure | Orne
50%
Hautes-Alpes | Isère
50%
Ardennes | Marne
49%
Ariège | Pyrénées-Orientales
49%
Charente | Deux-Sèvres
49%
Drôme | Vaucluse
49%
Eure | Oise
49%
Eure | Yvelines
49%
Gers | Landes
49%
Haute-Garonne | Hautes-Pyrénées
49%
Maine-et-Loire | Mayenne
49%
Maine-et-Loire | Vendée
49%
Marne | Seine-et-Marne
49%
Mayenne | Orne
49%
Meurthe-et-Moselle | Vosges
49%
Yvelines | Hauts-de-Seine
49%
Aisne | Marne
48%
Allier | Puy-de-Dôme
48%
Ardèche | Gard
48%
Ariège | Haute-Garonne
48%
Charente-Maritime | Deux-Sèvres
48%
Cher | Loir-et-Cher
48%
Haute-Garonne | Tarn
48%
Orne | Sarthe
48%
Seine-et-Marne | Val-de-Marne
48%
Seine-Saint-Denis | Val-d'Oise
48%
Alpes-de-Haute-Provence | Drôme
47%
Ardèche | Isère
47%
Ariège | Aude
47%
Aveyron | Hérault
47%
Corrèze | Creuse
47%
Essonne | Val-de-Marne
47%
Gironde | Lot-et-Garonne
47%
Haute-Garonne | Gers
47%
Hautes-Alpes | Drôme
47%
Landes | Lot-et-Garonne
47%
Loire | Puy-de-Dôme
47%
Loir-et-Cher | Loiret
47%
Maine-et-Loire | Sarthe
47%
Marne | Meuse
47%
Seine-et-Marne | Essonne
47%
Seine-et-Marne | Seine-Saint-Denis
47%
Yvelines | Val-d'Oise
47%
Ain | Saône-et-Loire
46%
Aisne | Seine-et-Marne
46%
Ardèche | Loire
46%
Aube | Marne
46%
Charente | Dordogne
46%
Charente | Vienne
46%
Côte-d'Or | Yonne
46%
Deux-Sèvres | Vienne
46%
Eure | Val-d'Oise
46%
Gard | Lozère
46%
Gers | Hautes-Pyrénées
46%
Gers | Pyrénées-Atlantiques
46%
Haute-Garonne | Tarn-et-Garonne
46%
Hauts-de-Seine | Val-d'Oise
46%
Isère | Loire
46%
Loiret | Essonne
46%
Oise | Seine-et-Marne
46%
Rhône | Saône-et-Loire
46%
Ardèche | Haute-Loire
45%
Aude | Haute-Garonne
45%
Aude | Tarn
45%
Aveyron | Gard
45%
Charente-Maritime | Dordogne
45%
Cher | Indre
45%
Côte-d'Or | Jura
45%
Côte-d'Or | Saône-et-Loire
45%
Dordogne | Lot
45%
Doubs | Haute-Saône
45%
Essonne | Hauts-de-Seine
45%
Eure-et-Loir | Orne
45%
Gers | Lot-et-Garonne
45%
Haute-Loire | Puy-de-Dôme
45%
Maine-et-Loire | Deux-Sèvres
45%
Meuse | Vosges
45%
Seine-Saint-Denis | Val-de-Marne
45%
Allier | Loire
44%
Ardèche | Lozère
44%
Aveyron | Cantal
44%
Aveyron | Lozère
44%
Aveyron | Tarn
44%
Cantal | Corrèze
44%
Cantal | Lozère
44%
Charente | Haute-Vienne
44%
Corrèze | Dordogne
44%
Côte-d'Or | Nièvre
44%
Dordogne | Lot-et-Garonne
44%
Eure-et-Loir | Yvelines
44%
Gers | Tarn-et-Garonne
44%
Haute-Marne | Meuse
44%
Haute-Saône | Vosges
44%
Hérault | Tarn
44%
Indre | Loir-et-Cher
44%
Jura | Haute-Saône
44%
Jura | Saône-et-Loire
44%
Nièvre | Yonne
44%
Seine-et-Marne | Val-d'Oise
44%
Seine-et-Marne | Yonne
44%
Ardèche | Vaucluse
43%
Aube | Haute-Marne
43%
Aube | Seine-et-Marne
43%
Aube | Yonne
43%
Cantal | Haute-Loire
43%
Côte-d'Or | Haute-Saône
43%
Creuse | Haute-Vienne
43%
Creuse | Puy-de-Dôme
43%
Eure-et-Loir | Loiret
43%
Haute-Marne | Vosges
43%
Hauts-de-Seine | Seine-Saint-Denis
43%
Indre-et-Loire | Maine-et-Loire
43%
Loire | Saône-et-Loire
43%
Lot-et-Garonne | Tarn-et-Garonne
43%
Lot | Tarn-et-Garonne
43%
Allier | Nièvre
42%
Aveyron | Lot
42%
Corrèze | Haute-Vienne
42%
Corrèze | Puy-de-Dôme
42%
Dordogne | Haute-Vienne
42%
Eure-et-Loir | Sarthe
42%
Hauts-de-Seine | Val-de-Marne
42%
Indre-et-Loire | Loir-et-Cher
42%
Indre-et-Loire | Sarthe
42%
Indre | Vienne
42%
Loiret | Seine-et-Marne
42%
Loiret | Yonne
42%
Maine-et-Loire | Vienne
42%
Allier | Cher
41%
Allier | Creuse
41%
Allier | Saône-et-Loire
41%
Aube | Côte-d'Or
41%
Aveyron | Tarn-et-Garonne
41%
Côte-d'Or | Haute-Marne
41%
Eure-et-Loir | Essonne
41%
Haute-Loire | Lozère
41%
Loir-et-Cher | Sarthe
41%
Nièvre | Saône-et-Loire
41%
Cantal | Lot
40%
Cher | Nièvre
40%
Corrèze | Lot
40%
Creuse | Indre
40%
Haute-Marne | Haute-Saône
40%
Haute-Saône | Territoire de Belfort
40%
Indre-et-Loire | Vienne
40%
Indre | Haute-Vienne
40%
Loiret | Nièvre
40%
Cher | Creuse
39%
Eure-et-Loir | Loir-et-Cher
39%
Var | Vaucluse
39%
Ille-et-Vilaine | Maine-et-Loire
38%
Meurthe-et-Moselle | Bas-Rhin
38%
Vosges | Territoire de Belfort
35%

Distribution des résultats

Percentile par nombre de réponses

% des personnes avec chaque résultat

Votre développement - résultats

Vous n’avez pas pris ce quiz